LIBRARY & INFORMATION CENTRE, KCAET, TAVANUR

ONLINE PUBLIC ACCESS CATALOGUE (OPAC)

Post Harvest Physiology and Quality Management of Fruits and Vegetables / (Record no. 13433)

MARC details
000 -LEADER
fixed length control field 00450cam a2200157ua 4500
020 ## - INTERNATIONAL STANDARD BOOK NUMBER
ISBN 978818321139
082 ## - DEWEY DECIMAL CLASSIFICATION NUMBER
Classification number 631.56
Item number SUR/PO
100 ## - MAIN ENTRY--AUTHOR NAME
Personal name Suresh Kumar, P .
100 ## - MAIN ENTRY--AUTHOR NAME
Personal name Kanwat, Manish .
100 ## - MAIN ENTRY--AUTHOR NAME
Personal name Sagar, V.R .
245 ## - TITLE STATEMENT
Title Post Harvest Physiology and Quality Management of Fruits and Vegetables /
250 ## - EDITION STATEMENT
Edition statement 1 st
260 ## - PUBLICATION, DISTRIBUTION, ETC. (IMPRINT)
Place of publication Udaipur :
Name of publisher Agro-tech Publishing Academy ,
Year of publication 2009.
300 ## - PHYSICAL DESCRIPTION
Number of Pages ; .
942 ## - ADDED ENTRY ELEMENTS (KOHA)
Koha item type Books
Holdings
Withdrawn status Lost status Damaged status Home library Current library Date acquired Full call number Accession Number Koha item type Collection code Shelving location Source of acquisition Cost, normal purchase price
      KAUAET KAUAET 07/04/2012 631.56 22136 Books        
      KAUAET KAUAET 07/04/2012 631.56 22224 Books        
      KAUAET KAUAET 31/03/2012 631.56 SUR/PO 22952 Books Non-fiction General Stacks Cosmo Books, Calicut 1500.00
      KAUAET KAUAET 31/03/2012 631.56 SUR/PO 23328 Books Non-fiction General Stacks Penta Book Distributors, Calicut 1500.00
      KAUAET KAUAET 09/10/2012 631.56 SUR/PO BB 190 Book Bank scheme for SC students   Scheme Penta Books Distributors, Calicut. 1500.00
      KAUAET KAUAET 09/10/2012 631.56 SUR/PO BB 191 Book Bank scheme for SC students   Scheme Penta Books Distributors, Calicut. 1500.00
free website counter